MAASAI MARA UNIVERSITY

LIBRARY CATALOGUE

Contact Us: +254 020 2685356/7 or 0774 057787

Box: 861-20500, NAROK, KENYA

Email: info@mmarau.ac.ke

S.R.Vishwanath (Record no. 1218)

MARC details
000 -LEADER
fixed length control field 00442nam a2200145Ia 4500
008 - FIXED-LENGTH DATA ELEMENTS--GENERAL INFORMATION
fixed length control field 151015s9999 xx 000 0 und d
020 ## - INTERNATIONAL STANDARD BOOK NUMBER
International Standard Book Number 9.780761935e+012
050 ## - LIBRARY OF CONGRESS CALL NUMBER
Classification number HG4026.V583 2000
245 ## - TITLE STATEMENT
Title S.R.Vishwanath
250 ## - EDITION STATEMENT
Edition statement _Corporate Finance Theory and practice(2nd ed) Vishwanath S.R
300 ## - PHYSICAL DESCRIPTION
Extent New Delhi responce books 2006
500 ## - GENERAL NOTE
General note Includes index.
650 ## - SUBJECT ADDED ENTRY--TOPICAL TERM
Topical term or geographic name as entry element _Corporate Finance
700 ## - ADDED ENTRY--PERSONAL NAME
Personal name ^d20110202 09:58:58^oanne

No items available.

© 2016 Maasai Mara University.